Artificial intelligence

Bibliographic Details
Main Author: Rich, Elaine
Other Authors: Knight, Kevin
Format: Book
Published: New York : McGraw-Hill , 1991
Edition:2nd edition
Subjects:

MARC

LEADER 00000cam a2200000 7i4500
001 0000008923
002 000009723
005 20000330.0
020 |a 0071008942 
090 0 0 |a 006.3   |b RIC 
100 1 |a Rich, Elaine 
245 1 0 |a Artificial intelligence   |c Elaine Rich and Kevin Knight 
250 |a 2nd edition 
260 |a New York :   |b McGraw-Hill ,   |c 1991 
300 |a 620 p. ;   |c 25 cm. 
650 0 0 |a Artificial intelligence 
700 1 |a Knight, Kevin 
999 |a 023758   |b BUKU   |c PINJAMAN   |e PERPUSTAKAAN KOMUNITI PETALING JAYA